Musical Numbers: 'Mamma Mia' or 'Priscilla'? Quiz Stats

 Plays Quiz not verified by Sporcle

Score 0/20 Timer 03:00
0 Plays Today
Question Answer Wrong Answers
Dancing Queen Mamma Mia!
97.7%
Priscilla, Queen of the Desert
0.5%
Take a Chance on Me Mamma Mia!
97.4%
Priscilla, Queen of the Desert
1.4%
Money, Money, Money Mamma Mia!
97%
Priscilla, Queen of the Desert
2%
Super Trouper Mamma Mia!
96.9%
Priscilla, Queen of the Desert
1.6%
MacArthur Park Priscilla, Queen of the Desert
96.7%
Mamma Mia!
2%
Material Girl Priscilla, Queen of the Desert
96.5%
Mamma Mia!
2.2%
Pop Muzik Priscilla, Queen of the Desert
96.2%
Mamma Mia!
2.7%
Voulez-Vous Mamma Mia!
95.5%
Priscilla, Queen of the Desert
3.5%
Boogie Wonderland Priscilla, Queen of the Desert
95.5%
Mamma Mia!
3%
What's Love Got to Do with It? Priscilla, Queen of the Desert
95.4%
Mamma Mia!
3%
It's Raining Men Priscilla, Queen of the Desert
95.3%
Mamma Mia!
3.3%
Colour My World Priscilla, Queen of the Desert
95.1%
Mamma Mia!
3.8%
I Will Survive Priscilla, Queen of the Desert
94.4%
Mamma Mia!
4.2%
A Fine Romance Priscilla, Queen of the Desert
94.3%
Mamma Mia!
4.2%
Honey, Honey Mamma Mia!
94.3%
Priscilla, Queen of the Desert
4.7%
I Love the Nightlife Priscilla, Queen of the Desert
94.2%
Mamma Mia!
4.6%
Does Your Mother Know Mamma Mia!
92.3%
Priscilla, Queen of the Desert
6.1%
Thank You for the Music Mamma Mia!
91.9%
Priscilla, Queen of the Desert
6.8%
Chiquitita Mamma Mia!
90.1%
Priscilla, Queen of the Desert
8.7%
Under Attack Mamma Mia!
29.8%
Priscilla, Queen of the Desert
69.2%

You're not logged in!

Compare scores with friends on all Sporcle quizzes.
OR
Log In

You Might Also Like...

Show Comments

Extras

Top Quizzes Today


Score Distribution

Your Account Isn't Verified!

In order to create a playlist on Sporcle, you need to verify the email address you used during registration. Go to your Sporcle Settings to finish the process.

Report this User

Report this user for behavior that violates our Community Guidelines.

Details: